Ideaship : (Record no. 152737)
[ view plain ]
| 000 -LEADER | |
|---|---|
| fixed length control field | 00663nam a22002057a 4500 |
| 005 - DATE AND TIME OF LATEST TRANSACTION | |
| control field | 20180615133120.0 |
| 008 - FIXED-LENGTH DATA ELEMENTS--GENERAL INFORMATION | |
| fixed length control field | 180615b xxu||||| |||| 00| 0 eng d |
| 010 ## - LCCN (DPL NO) | |
| LC control number | B-192048 |
| 020 ## - INTERNATIONAL STANDARD BOOK NUMBER | |
| International Standard Book Number | 0070607125 |
| Terms of availability | 0.00 |
| 035 ## - SYSTEM CONTROL NUMBER | |
| System control number | B-192048 |
| 037 ## - SOURCE OF ACQUISITION | |
| Source of stock number/acquisition | BPPD / PUB |
| 040 ## - CATALOGING SOURCE | |
| Original cataloging agency | dpl |
| Language of cataloging | English |
| 082 ## - DEWEY DECIMAL CLASSIFICATION NUMBER | |
| Classification number | 658.4092 |
| 100 ## - MAIN ENTRY--PERSONAL NAME | |
| Personal name | Foster, Jack |
| 245 ## - TITLE STATEMENT | |
| Title | Ideaship : |
| Remainder of title | how to get ideas flowing in your workplace / |
| Statement of responsibility, etc | by Jack Foster and [illustrated] by Larry Corby |
| 260 ## - PUBLICATION, DISTRIBUTION, ETC. (IMPRINT) | |
| Place of publication, distribution, etc | New Delhi |
| Name of publisher, distributor, etc | Tata McGraw-Hill |
| Date of publication, distribution, etc | 2005 |
| 270 ## - ADDRESS | |
| City | Delhi |
| Postal code | 110008 |
| Address | 7, West Patel Nagar |
| 300 ## - PHYSICAL DESCRIPTION | |
| Extent | xiii, 136 p. ; |
| Dimensions | 22 cm (pbk) |
| 942 ## - ADDED ENTRY ELEMENTS (KOHA) | |
| Source of classification or shelving scheme | Dewey Decimal Classification |
| Item type | English Books |
| Classification part | 658.4063 |
| Call number suffix | VAN |
| Withdrawn status | Lost status | Source of classification or shelving scheme | Damaged status | Not for loan | Collection code | Home library | Current library | Date acquired | Total Checkouts | Total Renewals | Full call number | Barcode | Date last seen | Koha item type |
|---|---|---|---|---|---|---|---|---|---|---|---|---|---|---|
| Dewey Decimal Classification | Non-fiction | Sarojini Nagar | Sarojini Nagar | 12/02/2019 | 3 | 2 | 658.4063 VAN | B-192043 | 25/06/2022 | English Books |
